00174nam a22000857a 4500082001700000100001300017245003600030260001300066300000900079 a297.922R A H aA.Rahman aThe Eternal message of Muhammad aNew York a289p